000 00733nam a2200253Ia 4500
003 OSt
005 20220928130513.0
006 a|||||r|||| 00| 0
007 ta
008 220927b |||||||| |||| 00| 0 eng d
020 _c1195
024 _a118414
037 _b306, 16/01/2013, Classic Book Service
_cTextual
040 _aSDCL
_cSDCL
_beng
041 _2eng
_aeng
082 _aV2:5'P, Q2
100 _aPankaj Ashok K. Ed.
_9462107
245 0 _aRight to work and rural india.
260 _aNew Delhi
_bSage
_c2012
300 _axxi,383p.
_ccm.
650 _aPolitical Science
942 _hV2:5'P, Q2
_cTEXL
_2CC
999 _c786927
_d786927